| 000 | 00000nam##2200000za#4500 |
| 001 | 9.640293 |
| 003 | CaOODSP |
| 005 | 20210624222611 |
| 007 | cr ||||||||||| |
| 008 | 150407|2000||||xxc|||||o f|0| 0 fre|d |
| 040 | |aCaOODSP|bfre |
| 043 | |an-cn--- |
| 086 | 1 |aEn21-201/2000F-PDF |
| 110 | 1 |aCanada. |bAgence canadienne d'évaluation environnementale. |
| 245 | 10|aL'évaluation environnementale fédérale : |h[ressource électronique]|bun atout |
| 260 | |aOttawa - Ontario : |bAgence canadienne d'évaluation environnementale |cMars 2000. |
| 300 | |a32p.|bphotographies |
| 500 | |aLe n° de catalogue (EN21-201/2000) et l'ISBN (0-662-64848-X) de l'édition imprimée bilingue ont été incorrectement copiés dans l'édition électronique. |
| 520 | 3 |a«Ce qui suit est un petit exemple des façons dont l'évaluation environnementale contribue au développement durable. Une douzaine d'histoires tirées des diverses régions du Canada, représentant des projets de différentes envergure et complexité ainsi qu'un exemple de la façon dont un organisme fédéral utilise l'évaluation environnementale afin d'améliorer ses projets de développement à l'échelle mondiale»--Préface. |
| 590 | |a12-21-Supp|b2012-05-18 |
| 691 | 07|aÉvaluation environnementale|2gcpds |
| 691 | 07|aGestion de l'environnement|2gcpds |
| 691 | 07|aGestion de projet|2gcpds |
| 775 | 08|tFederal environmental assessment : |w(CaOODSP)9.696176 |
| 776 | 0#|tFederal Environmental Assessment -- making a difference |w(CaOODSP)9.661727 |
| 776 | 0#|tL'évaluation environnementale fédérale -- un atout |w(CaOODSP)9.661728 |
| 856 | 40|ahttp://publications.gc.ca|qPDF|s1.34 Mo|uhttps://publications.gc.ca/collections/Collection/En21-201-2000F.pdf |